000 00320nam a2200133Ia 4500
008 160319s9999 xx 000 0 und d
245 _aWeather & Climate /
260 _bDiscovery Communications LCC
260 _c2005
300 _bsound, color ;
300 _c4 3/4 in.
650 _aClimate.
650 _aWeather.
999 _c292526
_d292526